A First Course in the Calculus of Variations /
Salvato in:
| Autore principale: | |
|---|---|
| Natura: | Libro |
| Lingua: | inglese |
| Pubblicazione: |
Providence:
American Mathematical Society,
2014
|
| Serie: | Student Mathematical Library Volume 72
|
| Soggetti: | |
| Tags: |
Nessun Tag, puoi essere il primo ad aggiungerne!!
|
MARC
| LEADER | 00000nam a22000003a 4500 | ||
|---|---|---|---|
| 001 | 0090701 | ||
| 003 | SK-STU | ||
| 005 | 20211006112607.0 | ||
| 007 | ta | ||
| 008 | 211006s ----xo-----e------000-0-----d | ||
| 020 | |a 978-1-4704-1495-5 | ||
| 040 | |a STU |b slo | ||
| 041 | 0 | |a eng |h eng | |
| 044 | |a xxu | ||
| 100 | 1 | |a Kot, Mark |4 aut |r Z6 | |
| 245 | 1 | 0 | |a A First Course in the Calculus of Variations / |c aut. Mark Kot |
| 260 | |a Providence: |b American Mathematical Society, |c 2014 | ||
| 300 | |a 298 s. | ||
| 490 | 0 | |a Student Mathematical Library Volume 72 | |
| 650 | 0 | 7 | |a brachistochrone |
| 650 | 0 | 7 | |a constraints |
| 650 | 0 | 7 | |a strong variations |
| 996 | |c V* 53181/O-24341 |l VV11 |s P |a 0 |w 0090701_0001 | ||